书目信息 |
| 题名: |
建筑给水铜管管道工程技术规程
|
|
| 作者: | ;上海沪标工程建设咨询有限公司 , 国际铜业协会(中国) 主编 | |
| 分册: | ||
| 出版信息: | 北京 中国计划出版社 2004.09 |
|
| 页数: | 33页 | |
| 开本: | 19cm | |
| 丛书名: | 中国工程建设标准化协会标准 | |
| 单 册: | ||
| 中图分类: | TU821-65 | |
| 科图分类: | ||
| 主题词: | 房屋建筑设备:卫生设备--gong ye ji shu | |
| 电子资源: | ||
| ISBN: | ||
| 000 | 01543nam0 2200313 450 | |
| 001 | 010264048615 | |
| 005 | 20051111163359.65 | |
| 010 | @dCNY8.00 | |
| 091 | @a1580058.593@dCNY8.00 | |
| 094 | @aCN@bCECS 171:2004 | |
| 100 | @a20051110d2004 km y0chiy0120 ea | |
| 101 | 0 | @achi |
| 102 | @aCN@b110000 | |
| 105 | @ay l 000yy | |
| 200 | 1 | @a建筑给水铜管管道工程技术规程@Ajian zhu gei shui tong guan guan dao gong cheng ji shu gui cheng@d=Technical specification for copper pipeline engeering of building water supply@f上海沪标工程建设咨询有限公司, 国际铜业协会(中国)主编@Fshang hai hu biao gong cheng jian she zi xun you xian gong si,guo ji tong ye xie hui(zhong guo)zhu bian |
| 210 | @a北京@c中国计划出版社@d2004.09 | |
| 215 | @a33页@d19cm | |
| 225 | 2 | @a中国工程建设标准化协会标准 |
| 300 | @a本标准于:2004-10-01实施 | |
| 300 | @a本标准号为:CECS 171:2004 | |
| 330 | @a本规程由中国工程建设标准化协会批准,其编号为CECS171:2004,自2004年10月1日起正式实施。本规程分6章和4个附录,内容包括总则、术语、管材管件、设计、施工、验收以及相关的主要技术指标等。 | |
| 410 | 0 | @12001 @a中国工程建设标准化协会标准 |
| 510 | @a=Technical specification for copper pipeline engeering of building water supply | |
| 606 | 0 | @a房屋建筑设备:卫生设备@Agong ye ji shu |
| 690 | @aTU821-65@v3 | |
| 711 | 02 | @a上海沪标工程建设咨询有限公司@Ashang hai hu biao gong cheng jian she zi xun you xian gong si@4主编 |
| 711 | 02 | @a国际铜业协会(中国)@Aguo ji tong ye xie hui(zhong guo)@4主编 |
| 801 | 0 | @aCN@bQSSK@c20051111 |
| 905 | @a10447@dTU821-65@eS210 | |
| 建筑给水铜管管道工程技术规程=Technical specification for copper pipeline engeering of building water supply/上海沪标工程建设咨询有限公司, 国际铜业协会(中国)主编.-北京:中国计划出版社,2004.09 |
| 33页;19cm.-(中国工程建设标准化协会标准) |
| 本标准于:2004-10-01实施.-本标准号为:CECS 171:2004.-←并列题名:=Technical specification for copper pipeline engeering of building water supply |
| ISBN :CNY8.00 |
| 本规程由中国工程建设标准化协会批准,其编号为CECS171:2004,自2004年10月1日起正式实施。本规程分6章和4个附录,内容包括总则、术语、管材管件、设计、施工、验收以及相关的主要技术指标等。 |
| ● |
| 相关链接 |
|
|
|
正题名:建筑给水铜管管道工程技术规程
索取号:TU821-65/S210
 
预约/预借
| 序号 | 登录号 | 条形码 | 馆藏地/架位号 | 状态 | 备注 |
| 1 | 577740 | 205777408 | 自科二线404/404自科库 17排3列3层/ [索取号:TU821-65/S210] | 在馆 | |
| 2 | 577741 | 205777417 | 建筑库201/201建筑库 50排5列5层/ [索取号:TU821-65/S210] | 在馆 | |
| 3 | 577742 | 205777426 | 建筑库201/201建筑库 50排5列5层/ [索取号:TU821-65/S210] | 在馆 |